Primeras Jornadas sobre Educación Ambiental = Primeres Jornades sobre Educació Ambiental / Organizadas por la Dirección General de Medio Ambiente del MOPU y la Diputación de Barcelona, Sitges, 13 a 16-10-1983 : volumen de ponencias y comunicaciones volumen de ponencias y comunicaciones
MARC
| LEADER | 00000nam a2200000Ia 4500 | ||
|---|---|---|---|
| 001 | 10884 | ||
| 003 | BGR | ||
| 005 | 20260324180154.0 | ||
| 008 | 160829s9999 xx 000 0 cat d | ||
| 080 | |a C-1-565 | ||
| 111 | |a Jornadas sobre Educación Ambiental |9 71232 |c (Sitges : |d 1983) | ||
| 245 | |a Primeras Jornadas sobre Educación Ambiental = Primeres Jornades sobre Educació Ambiental / Organizadas por la Dirección General de Medio Ambiente del MOPU y la Diputación de Barcelona, Sitges, 13 a 16-10-1983 : |b volumen de ponencias y comunicaciones | ||
| 260 | |a [S.l.] : |b [MOPU, Secretaria General Técnica, Servicio de Publicaciones], [s.a.] | ||
| 300 | |a 308 p. ; |c 30 cm | ||
| 590 | |a Ponències en català, castellà i anglès. | ||
| 590 | |a Prové de S-657 bis, del Servei de Relacions Públiques i Protocol | ||
| 650 | |a Educació ambiental |x Congressos |9 48473 | ||
| 700 | |a Espanya. Dirección General de Medio Ambiente |9 48474 | ||
| 710 | 1 | |a Barcelona (Catalunya : Província). |b Diputació |9 52408 | |
| 901 | |a Arxiu | ||
| 942 | |n 1 |2 udc |c JC | ||
| 952 | |0 0 |1 0 |4 0 |6 C1565 |7 1 |9 54580 |a Arxiu |b Arxiu |d 2016-12-01 |l 0 |o C-1-565 |p 10884 |r 2016-12-01 00:00:00 |w 2016-12-01 |y ARXIU | ||
| 999 | |c 58449 |d 58449 | ||